Elements of mathematics : (Record no. 7775)

MARC details
000 -LEADER
fixed length control field 00566nam a22002057a 4500
003 - CONTROL NUMBER IDENTIFIER
control field OSt
005 - DATE AND TIME OF LATEST TRANSACTION
control field 20220302151406.0
008 - FIXED-LENGTH DATA ELEMENTS--GENERAL INFORMATION
fixed length control field 151110b xxu||||| |||| 00| 0 eng d
020 ## - INTERNATIONAL STANDARD BOOK NUMBER
International Standard Book Number 3540645632
040 ## - CATALOGING SOURCE
Transcribing agency ddc
082 ## - DEWEY DECIMAL CLASSIFICATION NUMBER
Classification number 514
Item number BOU 1974
100 ## - MAIN ENTRY--PERSONAL NAME
Personal name Bourbaki, N
9 (RLIN) 6077
245 ## - TITLE STATEMENT
Title Elements of mathematics :
Remainder of title General Topology .
Statement of responsibility, etc. N Bourbaki,
250 ## - EDITION STATEMENT
Edition statement Chapter 5-10
260 ## - PUBLICATION, DISTRIBUTION, ETC. (IMPRINT)
Place of publication, distribution, etc. Berlin
Name of publisher, distributor, etc. Springer
Date of publication, distribution, etc. 1974
300 ## - PHYSICAL DESCRIPTION
Extent 363p;
Other physical details ill :
Dimensions 24cm
504 ## - BIBLIOGRAPHY, ETC. NOTE
Bibliography, etc includes bibliographic references and index
650 ## - SUBJECT ADDED ENTRY--TOPICAL TERM
Topical term or geographic name as entry element Mathematics
9 (RLIN) 810
942 ## - ADDED ENTRY ELEMENTS (KOHA)
Source of classification or shelving scheme Dewey Decimal Classification
Koha item type Open Shelf
Holdings
Withdrawn status Lost status Source of classification or shelving scheme Damaged status Not for loan Home library Current library Date acquired Source of acquisition Inventory number Total Checkouts Full call number Barcode Date last seen Price effective from Koha item type
    Dewey Decimal Classification     MUST Main Library MUST Main Library 02/03/2022 Purchase 05/24451   514 BOU 1974 2022-0375 02/03/2022 02/03/2022 Open Shelf
    Dewey Decimal Classification     MUST Main Library MUST Main Library 02/03/2022 Purchase 04/22600   514 BOU 1974 2022-0376 02/03/2022 02/03/2022 Open Shelf
    Dewey Decimal Classification     MUST Main Library MUST Main Library 02/03/2022 Purchase 04/22599   514 BOU 1974 2022-0377 02/03/2022 02/03/2022 Open Shelf